Opciones epistemológicas y diseño curricular: referencias para el currículum de formación de profesores

Saved in:
Bibliografiske detaljer
Hovedforfatter: Valenzuela Fuenzalida, Alvaro Miguel (Author)
Format: Bog
Sprog:spansk
Udgivet: Viña del Mar Alvaro Miguel Valenzuela Fuenzalida 2004
Udgivelse:1a. ed
Fag:
Tags: Tilføj Tag
Ingen Tags, Vær først til at tagge denne postø!

MARC

LEADER 00000nam a2200000 a 4500
001 UCK1359
003 CL-VaPUC
008 041112e20040000CL |||||||||||||||||spa|d
082 0 4 |a 371.102  |b VAL  |2 21 
100 0 |a Valenzuela Fuenzalida, Alvaro Miguel  |e author  |9 489132 
245 1 0 |a Opciones epistemológicas y diseño curricular: referencias para el currículum de formación de profesores 
250 |a 1a. ed 
300 |a 37 p 
942 |c BK 
945 |d 20041112 00:00:00  |a cmena 
260 |a Viña del Mar  |b Alvaro Miguel Valenzuela Fuenzalida  |c 2004 
650 0 |a Formación profesional de profesores  |9 307493 
650 0 |a Planificación del currículo  |9 269599 
650 0 |a Filosofía de la educación   |9 258384 
583 |a last modification  |c 20041112 00:00:00  |k Rodrigo Vera 
999 |c 311330  |d 311328 
952 |0 0  |1 0  |4 0  |6 371_102000000000000_VAL_2004  |7 0  |8 A  |9 380707  |a BIBEDU  |b BIBEDU  |d 2019-11-21  |i 4077784  |o 371.102 VAL 2004  |p 4077784  |r 2019-11-21  |w 2019-11-21  |y BK  |k EDU